Príklad na vyplnenie daňového priznania k dani z príjmov právnických osôb za rok 2003

Konštrukcia daňového priznania k dani z príjmov právnických osôb za rok 2003. Praktický príklad.

Guardado en:
Detalles Bibliográficos
Autor principal: Borodovčák, Michal
Formato: Capítulo de libro
Lenguaje:eslovaco
Materias:
Etiquetas: Agregar Etiqueta
Sin Etiquetas, Sea el primero en etiquetar este registro!

MARC

LEADER 00000naa$a2200000$$$4500
001 0005826
005 20240502071350.3
041 0 |a slo 
044 |a SK 
245 1 0 |a Príklad na vyplnenie daňového priznania k dani z príjmov právnických osôb za rok 2003  |c aut. Michal Borodovčák 
520 |a Konštrukcia daňového priznania k dani z príjmov právnických osôb za rok 2003. Praktický príklad. 
610 2 0 |a dane z príjmov 
610 2 0 |a osoby právnické 
610 2 0 |a priznania daňové 
610 2 0 |a daňovníci 
100 1 |a Borodovčák, Michal